000 01796cam a2200205 4500
001 L129712
008 050513n2004 000 0 eng u
035 _a(Sirsi) u129712
041 _aeng
100 _aWordsworth, Paul
245 _aWhat effect does flooding have on residential property values?
_ba report for the RICS Foundation by Liverpool John Moores University and the University of Wolverhampton
260 _aLondon
_bRICS Foundation
_c2004
520 _aEvaluates the evidence that increased flooding and flood risk, primarily caused by climate change and development on flood plains, is affecting the value and insureability of an estimated 950 000 to 1.7m UK residential properties. Assesses the evidence by examining the activities of residential negotiators and valuers dealing with flood risk properties and by interviewing leading insurers on their flood risk policies. Finds that recent flood events affect the value of a residential property, yet the degree of discount between valuers is inconsistent and the availability of adequate insurance cover is the key issue in determining the saleability and value of recently flooded property. Calls for more accurate and sophisticated publicly available information for the realistic assessment of flood risk to particular properties, and concludes that the improvement of flood defence measures is the single most important factor in maintaining the value of at-risk residential properties.
590 _aIKA190505
690 _aENVIRONMENTAL AND LAND CONSULTANCY-WATER RESOURCE MANAGEMENT-FLOODING
700 _aProverbs, David G.
700 _aAntwi, Adarkwah
856 _uhttps://www.rics.org/RICSWEB/getpage.aspx?p=_dg1enm9BES2ydFaijqcCg
_zView the report free of charge at www.rics-foundation.org...
942 _n0
999 _c104269
_d104269